| 000 | 00412cam a2200181ua 4500 | ||
|---|---|---|---|
| 001 | 9223 | ||
| 008 | 150224n ii |||gr||||Z||||||eng | ||
| 040 | _cMAIN | ||
| 041 | _aeng | ||
| 082 | _a823 | ||
| 100 |
_aSaxena, G. C., _eEditor. |
||
| 245 | 1 |
_aVendor of sweets _cEdited by G. C. Saxena |
|
| 250 | _a1st. | ||
| 260 |
_aAgra: _bLakshmi, _c1984. |
||
| 300 | _a188p. | ||
| 653 | _aEnglish fiction | ||
| 942 | _cBK | ||
| 999 |
_c8292 _d8292 |
||